| 000 | 00836nac a22002171u 4500 | ||
|---|---|---|---|
| 008 | 090530t xxu||||| |||| 00| 0 eng d | ||
| 010 | _a 2002030779 | ||
| 020 | _a9780135139523 | ||
| 020 | _a013513952x | ||
| 082 | 0 | 0 |
_a658.4 _bJES |
| 100 |
_aJessup, Leonard M., _95619 |
||
| 245 | 1 | 0 |
_aInformation systems today : _cLeonard M. Jessup, Joseph S. Valacich. _bManaging the Digital World / |
| 250 |
_a3rd ed. _bPearson International Edition. |
||
| 260 |
_aUpper Saddle River, N.J. : _bPrentice Hall, _cc2008. |
||
| 300 |
_axxvi, 598 p. : _bill. (some col.) ; _c29 cm. |
||
| 504 | _aIncludes bibliographical references and index. | ||
| 650 | 0 |
_aInformation technology. _95620 |
|
| 650 | 0 |
_95621 _aInformation storage and retrieval systems _xBusiness |
|
| 700 | 1 |
_aValacich, Joseph S., _d1959- _95622 |
|
| 942 |
_cBB _k658.4JES _2ddc |
||
| 999 |
_c11690 _d11690 |
||